000 00411nam a22001577a 4500
999 _c3238
_d3238
008 200323b ||||| |||| 00| 0 eng d
082 0 0 _a621.4
_bA421
100 _92750
_aAllcut, E. A.
245 1 0 _aAn Introduction to heat engines
_cby E. A. Allcut
250 _a1st ed.
260 _aToronto
_bUniversities of Toronto
_c19465
300 _axi,11 p.
365 _d17.01
650 0 _aHeat Engines
942 _cBK